| 000 | 00477nam a22001937a 4500 | ||
|---|---|---|---|
| 003 | OSt | ||
| 005 | 20140310184251.0 | ||
| 008 | 121113t xxu||||| |||| 00| 0 eng d | ||
| 020 | _a9780590438933 | ||
| 050 |
_aPZ 7 _b.P324 1985 |
||
| 100 |
_aPaulsen, Gary. _95626 |
||
| 245 |
_aDogsong / _cBy Gary Paulsen. |
||
| 260 |
_aNew York: _bScholastic Inc., _c1985. |
||
| 300 |
_a171 p. : _b19 cm. |
||
| 521 | _aG8 | ||
| 526 | _c930 | ||
| 942 |
_2lcc _cBK-SCHOLAS |
||
| 999 |
_c33371 _d33371 |
||